[Event "Kronborg"]
[Site "Helsingor"]
[Date "1981.??.??"]
[Round "?"]
[White "Andersen, Johnny S"]
[Black "Schmidt, Kristen"]
[Result "0-1"]
[WhiteElo "2215"]
[BlackElo "2200"]
[PlyCount "72"]
[EventDate "1981.??.??"]
[EventType "tourn"]
[EventRounds "7"]
[EventCountry "DEN"]
[Source "ChessBase"]
[SourceDate "1999.07.01"]

1. c4 Nf6 2. Nc3 g6 3. g3 Bg7 4. Bg2 O-O 5. Nf3 d6 6. O-O e5 7. d4 Nbd7 8. e4
c6 9. h3 Qb6 10. c5 dxc5 11. dxe5 Ne8 12. Bg5 Nc7 13. Na4 Qb4 14. Re1 b5 15.
Nc3 Nxe5 16. Nxe5 Bxe5 17. Qc2 Ne6 18. Bd2 Nd4 19. Qc1 Qc4 20. f4 Bg7 21. e5
Rd8 22. Ne4 Ne2+ 23. Rxe2 Qxe2 24. Nd6 Rxd6 25. exd6 Bd4+ 26. Kh1 Bxh3 27. Bxh3
Qf3+ 28. Kh2 Re8 29. Qf1 Re2+ 30. Qg2 Rxg2+ 31. Bxg2 Qh5+ 32. Bh3 Qe2+ 33. Kh1
Qf3+ 34. Kh2 Qf2+ 35. Kh1 Qxg3 36. Bf1 Qg1# 0-1

[Event "Kronborg"]
[Site "Helsingor"]
[Date "1981.??.??"]
[Round "?"]
[White "Andersen, Johnny S"]
[Black "Hirtsgaard, Niels"]
[Result "1-0"]
[WhiteElo "2215"]
[BlackElo "2200"]
[PlyCount "81"]
[EventDate "1981.??.??"]
[EventType "tourn"]
[EventRounds "7"]
[EventCountry "DEN"]
[Source "ChessBase"]
[SourceDate "1999.07.01"]

1. c4 Nf6 2. Nc3 e5 3. g3 Bb4 4. Bg2 O-O 5. Nf3 Re8 6. O-O Nc6 7. Nd5 Bc5 8. d3
h6 9. e3 e4 10. Nxf6+ Qxf6 11. dxe4 Rxe4 12. Qd5 Qe7 13. a3 a5 14. Bd2 Bd6 15.
Bh3 g6 16. Bc3 Nd4 17. Nxd4 c6 18. Nf5 cxd5 19. Nxe7+ Bxe7 20. cxd5 a4 21. Bd4
Bd6 22. Rfc1 b5 23. Bg2 Re8 24. f4 f5 25. Kf2 Bb7 26. Bc5 Bb8 27. Rc3 Kf7 28.
Rd1 g5 29. Bf1 Ba6 30. Bd3 Kg6 31. g4 gxf4 32. Bxf5+ Kf7 33. e4 Be5 34. Bd4
Bxd4+ 35. Rxd4 Kf6 36. Bxd7 Ke5 37. Rb4 Red8 38. Rc6 f3 39. h4 Rxd7 40. Re6+
Kf4 41. e5# 1-0

[Event "Kronborg"]
[Site "Helsingor"]
[Date "1981.??.??"]
[Round "?"]
[White "Hirtsgaard, Niels"]
[Black "Rasmussen, Karsten"]
[Result "1/2-1/2"]
[WhiteElo "2200"]
[BlackElo "2200"]
[PlyCount "131"]
[EventDate "1981.??.??"]
[EventType "tourn"]
[EventRounds "7"]
[EventCountry "DEN"]
[Source "ChessBase"]
[SourceDate "1999.07.01"]

1. e4 e6 2. d4 d5 3. Nc3 Bb4 4. Bd2 dxe4 5. Qg4 Qxd4 6. O-O-O h5 7. Qe2 Bd7 8.
Nxe4 Bxd2+ 9. Rxd2 Qa4 10. Nc3 Qa5 11. Rd5 Qb6 12. Rxh5 Rxh5 13. Qxh5 Qxf2 14.
Nf3 Nc6 15. Qg5 Nb4 16. Bd3 Nxd3+ 17. cxd3 g6 18. Re1 Bc6 19. Nd1 Qb6 20. Ne5
Qc5+ 21. Nc3 Qe7 22. Qg3 Nf6 23. Nxc6 bxc6 24. h4 Rb8 25. Re2 a5 26. Qf2 Rb7
27. a3 Nd5 28. Ne4 Rb3 29. Nc5 Rb5 30. d4 Qf6 31. Qf3 Qxd4 32. Nxe6 fxe6 33.
Rxe6+ Ne7 34. Qxc6+ Qd7 35. Qe4 Rc5+ 36. Kb1 Qd1+ 37. Ka2 Qd5+ 38. Qxd5 Rxd5
39. g4 Rd4 40. h5 Rxg4 41. hxg6 Rxg6 42. Re5 a4 43. Re4 Ra6 44. b3 axb3+ 45.
Kxb3 Kd7 46. Rh4 Nd5 47. Rh5 Kc6 48. Rh6+ Kb5 49. Rh5 c6 50. Rh6 Nb6 51. Rg6
Ra7 52. Rg4 c5 53. Rh4 Re7 54. Rh3 c4+ 55. Kc2 Re2+ 56. Kb1 Ka4 57. Rg3 Rd2 58.
Rh3 Rd3 59. Rh6 Kxa3 60. Rxb6 Rb3+ 61. Ka1 Rf3 62. Kb1 Rf2 63. Kc1 Re2 64. Rb8
c3 65. Rb7 Re4 66. Kc2 1/2-1/2

[Event "Kronborg"]
[Site "Helsingor"]
[Date "1981.??.??"]
[Round "?"]
[White "Hirtsgaard, Niels"]
[Black "Schmidt, Kristen"]
[Result "0-1"]
[WhiteElo "2200"]
[BlackElo "2200"]
[PlyCount "62"]
[EventDate "1981.??.??"]
[EventType "tourn"]
[EventRounds "7"]
[EventCountry "DEN"]
[Source "ChessBase"]
[SourceDate "1999.07.01"]

1. e4 d6 2. d4 Nf6 3. Nc3 g6 4. f4 Bg7 5. Nf3 O-O 6. Be2 c5 7. dxc5 Qa5 8. O-O
Qxc5+ 9. Kh1 Nc6 10. Bd3 Bd7 11. Qe2 Rac8 12. Be3 Qa5 13. Rad1 a6 14. h3 b5 15.
a3 Be6 16. g4 Nd7 17. e5 dxe5 18. f5 e4 19. fxe6 exf3 20. Qf2 fxe6 21. Bxg6
hxg6 22. Rxd7 b4 23. Ne4 bxa3 24. bxa3 Qb5 25. Rd2 Na5 26. Ng5 Nc4 27. Qh4 Rf6
28. Qh7+ Kf8 29. a4 Qc6 30. Nf7 f2+ 31. Kh2 Nxd2 0-1

[Event "Kronborg"]
[Site "Helsingor"]
[Date "1981.??.??"]
[Round "?"]
[White "Hirtsgaard, Niels"]
[Black "Jensen, Vagn"]
[Result "0-1"]
[WhiteElo "2200"]
[BlackElo "2235"]
[PlyCount "96"]
[EventDate "1981.??.??"]
[EventType "tourn"]
[EventRounds "7"]
[EventCountry "DEN"]
[Source "ChessBase"]
[SourceDate "1999.07.01"]

1. e4 e5 2. Nf3 Nc6 3. c3 Nf6 4. d4 exd4 5. e5 Nd5 6. Bb5 Be7 7. Nxd4 O-O 8.
Nf5 Nb6 9. Qg4 g6 10. Qg3 d6 11. exd6 Bxf5 12. dxe7 Qxe7+ 13. Be3 Nd5 14. O-O
Nxe3 15. fxe3 Qe5 16. Qxe5 Nxe5 17. Nd2 Rad8 18. Nf3 Ng4 19. Rfe1 Bd3 20. Ba4
c5 21. h3 Nf6 22. Ne5 Be4 23. Rf1 Kg7 24. Rf2 Rd5 25. Nf3 Rfd8 26. Bb3 Rf5 27.
Rd1 Re8 28. Nh2 Rxf2 29. Kxf2 Bc6 30. g4 Ne4+ 31. Kg1 Ng5 32. h4 Nh3+ 33. Kf1
Rxe3 34. Bd5 Bxd5 35. Rxd5 Rg3 36. Rxc5 Rg1+ 37. Ke2 Rg2+ 38. Kf3 Rxh2 39. Kg3
Rxb2 40. Kxh3 Rxa2 41. Rc7 Rb2 42. g5 a5 43. Rc5 b6 44. Rc7 Rb3 45. Kg4 a4 46.
c4 b5 47. c5 a3 48. c6 b4 0-1

[Event "Kronborg"]
[Site "Helsingor"]
[Date "1981.??.??"]
[Round "?"]
[White "Jensen, Vagn"]
[Black "Lund, Flemming"]
[Result "1-0"]
[WhiteElo "2235"]
[BlackElo "2200"]
[PlyCount "80"]
[EventDate "1981.??.??"]
[EventType "tourn"]
[EventRounds "7"]
[EventCountry "DEN"]
[Source "ChessBase"]
[SourceDate "1999.07.01"]

1. e4 c5 2. d4 cxd4 3. c3 d3 4. c4 Nc6 5. Bxd3 d6 6. h3 Nf6 7. Nf3 e6 8. O-O
Be7 9. Nc3 O-O 10. Bf4 b6 11. Qe2 Bb7 12. Rfd1 Qc8 13. Rac1 Rd8 14. Nd5 Rd7 15.
Nxe7+ Nxe7 16. e5 dxe5 17. Nxe5 Rd8 18. Bg5 Ng6 19. Bxg6 Rxd1+ 20. Rxd1 hxg6
21. Qe3 Qe8 22. Bxf6 gxf6 23. Ng4 Qc6 24. f3 e5 25. Rd7 Rf8 26. b4 Bc8 27. b5
Qxc4 28. Nxf6+ Kg7 29. Ng4 Qc5 30. Qxc5 bxc5 31. Rxa7 Bxg4 32. hxg4 Rc8 33. Kf2
c4 34. Ke2 Rd8 35. b6 c3 36. a4 c2 37. Rc7 Rd6 38. a5 Rd5 39. a6 Ra5 40. a7 Ra2
1-0

[Event "Kronborg"]
[Site "Helsingor"]
[Date "1981.??.??"]
[Round "?"]
[White "Jensen, Vagn"]
[Black "Norgaard, Jesper"]
[Result "1/2-1/2"]
[WhiteElo "2235"]
[BlackElo "2200"]
[PlyCount "84"]
[EventDate "1981.??.??"]
[EventType "tourn"]
[EventRounds "7"]
[EventCountry "DEN"]
[Source "ChessBase"]
[SourceDate "1999.07.01"]

1. d4 Nf6 2. e3 d5 3. Bd3 e6 4. c3 c5 5. Nd2 Nc6 6. Ngf3 Qc7 7. O-O Bd6 8. dxc5
Bxc5 9. b4 Be7 10. b5 Na5 11. Bb2 Bd7 12. c4 Nxc4 13. Nxc4 dxc4 14. Rc1 Bxb5
15. Ne5 O-O 16. Nxc4 Bxc4 17. Rxc4 Qa5 18. Qc2 h6 19. Bc3 Qh5 20. Be2 Qg5 21.
f4 Qf5 22. e4 Qb5 23. Rb1 Qd7 24. Rd1 Qe8 25. Bxf6 Bxf6 26. e5 Bd8 27. Bf3 Bb6+
28. Kh1 Qe7 29. g3 Rad8 30. Rxd8 Rxd8 31. Rc8 Qd7 32. Rxd8+ Bxd8 33. Be4 Be7
34. Kg2 b6 35. Kh3 Bc5 36. Qd3 Qa4 37. Bh7+ Kh8 38. Be4 Bd4 39. Qc2 Qxc2 40.
Bxc2 b5 41. Kg4 Kg8 42. Kf3 Kf8 1/2-1/2

[Event "Kronborg"]
[Site "Helsingor"]
[Date "1981.??.??"]
[Round "?"]
[White "Jensen, Vagn"]
[Black "Andersen, Johnny S"]
[Result "1/2-1/2"]
[WhiteElo "2235"]
[BlackElo "2215"]
[PlyCount "182"]
[EventDate "1981.??.??"]
[EventType "tourn"]
[EventRounds "7"]
[EventCountry "DEN"]
[Source "ChessBase"]
[SourceDate "1999.07.01"]

1. d4 Nf6 2. e3 e6 3. Bd3 b6 4. Nf3 Bb7 5. O-O d5 6. b3 Bd6 7. Bb2 O-O 8. Nbd2
Ne4 9. c4 Nd7 10. Qc2 f5 11. Rad1 Qe8 12. Ne5 Bxe5 13. dxe5 Ndc5 14. Be2 Nxd2
15. Rxd2 Ne4 16. Rdd1 c5 17. f3 Ng5 18. a3 Rc8 19. Qd2 Qg6 20. Kh1 Rfd8 21. b4
Nf7 22. bxc5 Rxc5 23. Bd4 dxc4 24. Qb4 Rc7 25. Bxc4 Bd5 26. Bxd5 exd5 27. Qb3
Qe6 28. e4 f4 29. Rfe1 Ng5 30. Bf2 d4 31. Qb5 Rc5 32. Qb2 Qc8 33. Rxd4 Re8 34.
Rd2 Rcxe5 35. Rc1 Qb7 36. Rcd1 Qf7 37. Rd8 R5e7 38. Rxe8+ Qxe8 39. Qb3+ Nf7 40.
Qd5 Re5 41. Qd2 Ra5 42. Bd4 h6 43. Bb2 Qa4 44. Rc1 Rc5 45. Qxf4 Rxc1+ 46. Qxc1
Nd6 47. h3 Nc4 48. Bd4 Nxa3 49. Qc8+ Kh7 50. Qf5+ Kg8 51. Qd5+ Kh7 52. e5 Qd1+
53. Kh2 Nc2 54. Qe4+ Kg8 55. Bc3 Qc1 56. e6 Ne3 57. Qa8+ Kh7 58. Qe4+ Kg8 59.
Qa8+ Kh7 60. e7 Nf1+ 61. Kg1 Ne3+ 62. Kh2 Nf1+ 63. Kg1 Ne3+ 64. Kf2 Nd1+ 65.
Kg3 Qg5+ 66. Kh2 Qxe7 67. Ba1 Ne3 68. Qc6 Nf5 69. Qc2 g6 70. g3 h5 71. h4 Qd6
72. f4 Qe7 73. Qb2 Qg7 74. Qa2 Qb7 75. Qb2 Qg7 76. Qa2 Qc7 77. Qb2 Ng7 78. Qf6
a5 79. Be5 Qb7 80. g4 hxg4 81. h5 gxh5 82. f5 g3+ 83. Kg1 Qd7 84. Qg6+ Kg8 85.
Bxg7 Qxg7 86. Qe8+ Qf8 87. Qg6+ Qg7 88. Qe8+ Kh7 89. Qxh5+ Qh6 90. Qf7+ Kh8 91.
Qe8+ Kh7 1/2-1/2

[Event "Kronborg"]
[Site "Helsingor"]
[Date "1981.??.??"]
[Round "?"]
[White "Lund, Flemming"]
[Black "Schmidt, Kristen"]
[Result "1/2-1/2"]
[WhiteElo "2200"]
[BlackElo "2200"]
[PlyCount "71"]
[EventDate "1981.??.??"]
[EventType "tourn"]
[EventRounds "7"]
[EventCountry "DEN"]
[Source "ChessBase"]
[SourceDate "1999.07.01"]

1. d4 Nf6 2. c4 g6 3. Nc3 Bg7 4. e4 d6 5. f4 O-O 6. Nf3 c5 7. d5 e6 8. dxe6
fxe6 9. Be2 Nc6 10. O-O Qe7 11. Qe1 Nd4 12. Qh4 e5 13. fxe5 dxe5 14. Bg5 Nxe2+
15. Nxe2 Qe6 16. b3 Qg4 17. Nc3 Qxh4 18. Bxh4 Be6 19. Rad1 Rae8 20. Rd3 Nh5 21.
Nb5 Bg4 22. Nc7 Nf4 23. Nxe8 Nxd3 24. Nxg7 Kxg7 25. Rd1 Bxf3 26. Rxd3 Be2 27.
Rd7+ Rf7 28. Rxf7+ Kxf7 29. Kf2 Bd3 30. Ke3 Bb1 31. a3 Ba2 32. b4 cxb4 33. axb4
Bxc4 34. Bd8 Ke6 35. Bc7 b6 36. h4 1/2-1/2

[Event "Kronborg"]
[Site "Helsingor"]
[Date "1981.??.??"]
[Round "?"]
[White "Lund, Flemming"]
[Black "Norgaard, Jesper"]
[Result "1-0"]
[WhiteElo "2200"]
[BlackElo "2200"]
[PlyCount "59"]
[EventDate "1981.??.??"]
[EventType "tourn"]
[EventRounds "7"]
[EventCountry "DEN"]
[Source "ChessBase"]
[SourceDate "1999.07.01"]

1. d4 Nf6 2. c4 e6 3. Nc3 Bb4 4. e3 O-O 5. Bd3 d5 6. Nge2 c5 7. O-O b6 8. cxd5
exd5 9. dxc5 bxc5 10. b3 Be6 11. Bb2 Nbd7 12. Rc1 Rc8 13. Bb1 Qa5 14. Nf4 Nb6
15. Qc2 g6 16. Qe2 c4 17. bxc4 Nxc4 18. Ncxd5 Nxd5 19. Nxe6 Nxb2 20. Nxf8 Rxc1
21. Rxc1 Na4 22. Nd7 Nac3 23. Qc4 Qd8 24. Ne5 Qe8 25. Nf3 a5 26. e4 Nf4 27. Bd3
Qa4 28. Rxc3 Qd1+ 29. Bf1 Bxc3 30. Qc8+ 1-0

[Event "Kronborg"]
[Site "Helsingor"]
[Date "1981.??.??"]
[Round "?"]
[White "Lund, Flemming"]
[Black "Andersen, Johnny S"]
[Result "1/2-1/2"]
[WhiteElo "2200"]
[BlackElo "2215"]
[PlyCount "84"]
[EventDate "1981.??.??"]
[EventType "tourn"]
[EventRounds "7"]
[EventCountry "DEN"]
[Source "ChessBase"]
[SourceDate "1999.07.01"]

1. d4 Nf6 2. c4 g6 3. Nc3 Bg7 4. e4 d6 5. f4 O-O 6. Nf3 Bg4 7. Be2 Nbd7 8. O-O
e5 9. fxe5 dxe5 10. Bg5 exd4 11. Nxd4 Bxe2 12. Qxe2 h6 13. Bh4 Qe7 14. Kh1 Rfe8
15. Rae1 c6 16. e5 Qc5 17. Nb3 Qf8 18. exf6 Rxe2 19. fxg7 Kxg7 20. Rxe2 Re8 21.
Rd2 Ne5 22. Bf6+ Kg8 23. h3 Nxc4 24. Rd4 b5 25. Ne4 Ne3 26. Nbc5 Nxf1 27. Nd7
Rxe4 28. Nxf8 Rxd4 29. Bxd4 Kxf8 30. Bxa7 Nd2 31. Be3 Nc4 32. Bxh6+ Ke7 33. b3
Nd6 34. Be3 Ne4 35. a4 bxa4 36. bxa4 f5 37. a5 Kd7 38. a6 Kc7 39. g4 fxg4 40.
hxg4 Nf6 41. g5 Ne4 42. Kg2 Nxg5 1/2-1/2

[Event "Kronborg"]
[Site "Helsingor"]
[Date "1981.??.??"]
[Round "?"]
[White "Norgaard, Jesper"]
[Black "Hirtsgaard, Niels"]
[Result "1-0"]
[WhiteElo "2200"]
[BlackElo "2200"]
[PlyCount "39"]
[EventDate "1981.??.??"]
[EventType "tourn"]
[EventRounds "7"]
[EventCountry "DEN"]
[Source "ChessBase"]
[SourceDate "1999.07.01"]

1. e4 d5 2. exd5 Qxd5 3. Nc3 Qa5 4. Bc4 Nc6 5. Nge2 Bg4 6. d3 e6 7. Be3 Bxe2 8.
Qxe2 Bb4 9. O-O Bxc3 10. bxc3 Qxc3 11. Rab1 b6 12. f4 Nge7 13. f5 exf5 14. Rxf5
O-O 15. Rh5 Rad8 16. Rf1 Na5 17. Bg5 Nxc4 18. Bxe7 Qd4+ 19. Qf2 Ne3 20. Bxd8
1-0

[Event "Kronborg"]
[Site "Helsingor"]
[Date "1981.??.??"]
[Round "?"]
[White "Norgaard, Jesper"]
[Black "Andersen, Johnny S"]
[Result "1-0"]
[WhiteElo "2200"]
[BlackElo "2215"]
[PlyCount "85"]
[EventDate "1981.??.??"]
[EventType "tourn"]
[EventRounds "7"]
[EventCountry "DEN"]
[Source "ChessBase"]
[SourceDate "1999.07.01"]

1. e4 e6 2. d4 d5 3. Nd2 Nf6 4. e5 Nfd7 5. c3 c5 6. Bd3 Nc6 7. Ne2 Qb6 8. Nf3
cxd4 9. cxd4 f6 10. exf6 Nxf6 11. O-O Bd6 12. Nc3 O-O 13. Be3 Bd7 14. a3 Kh8
15. h3 Qd8 16. b4 a6 17. Rc1 b5 18. Qe2 Qe8 19. Rfe1 Nh5 20. Bb1 Nf4 21. Bxf4
Bxf4 22. Rcd1 Qh5 23. Qd3 Rf6 24. Ne2 Raf8 25. Nxf4 Rxf4 26. Re3 e5 27. Nxe5
Rxd4 28. Qxd4 Nxd4 29. Rxd4 Be8 30. Rxd5 Qh4 31. Nf3 Qc4 32. Rd8 Qf7 33. Ba2
Qg6 34. Ne5 Qc2 35. Rf3 g6 36. Rxf8+ Kg7 37. Rdxe8 Qxa2 38. Rf7+ Kh6 39. Ng4+
Kh5 40. Rxh7+ Kg5 41. Re5+ Kf4 42. g3+ Kf3 43. Nh2# 1-0

[Event "Kronborg"]
[Site "Helsingor"]
[Date "1981.??.??"]
[Round "?"]
[White "Rasmussen, Karsten"]
[Black "Lund, Flemming"]
[Result "1/2-1/2"]
[WhiteElo "2200"]
[BlackElo "2200"]
[PlyCount "63"]
[EventDate "1981.??.??"]
[EventType "tourn"]
[EventRounds "7"]
[EventCountry "DEN"]
[Source "ChessBase"]
[SourceDate "1999.07.01"]

1. g3 g6 2. Bg2 Bg7 3. d4 c5 4. Nf3 Nf6 5. c4 O-O 6. O-O d6 7. Nc3 Nc6 8. d5
Na5 9. Nd2 a6 10. Qc2 Rb8 11. b3 b5 12. Bb2 bxc4 13. bxc4 Nd7 14. Rab1 Ne5 15.
Nd1 Rb4 16. a3 Rxc4 17. Nxc4 Naxc4 18. Bc1 Na5 19. Ne3 Qc7 20. h3 f5 21. f4 Nd7
22. Bd2 Bd4 23. Kh2 Bxe3 24. Bxe3 Nb6 25. Qc3 Nac4 26. Bc1 Bd7 27. Rxb6 Nxb6
28. Bb2 Rf6 29. Qa5 Rf8 30. Qc3 Rf6 31. Qa5 Rf8 32. Qc3 1/2-1/2

[Event "Kronborg"]
[Site "Helsingor"]
[Date "1981.??.??"]
[Round "?"]
[White "Rasmussen, Karsten"]
[Black "Norgaard, Jesper"]
[Result "1/2-1/2"]
[WhiteElo "2200"]
[BlackElo "2200"]
[PlyCount "63"]
[EventDate "1981.??.??"]
[EventType "tourn"]
[EventRounds "7"]
[EventCountry "DEN"]
[Source "ChessBase"]
[SourceDate "1999.07.01"]

1. g3 c5 2. Bg2 d5 3. d3 Nf6 4. Nd2 Nc6 5. Ngf3 e6 6. O-O Be7 7. e4 O-O 8. Re1
Rb8 9. e5 Nd7 10. Nf1 f5 11. exf6 Bxf6 12. Ne3 b5 13. h4 Qc7 14. Ng5 Nb6 15.
Qh5 g6 16. Qd1 Bg7 17. h5 d4 18. Ng4 gxh5 19. Nh2 h6 20. Nh3 e5 21. Qxh5 Nb4
22. Bxh6 Bxh6 23. Qxh6 Nxc2 24. Ng5 Nxa1 25. Be4 Qg7 26. Bh7+ Kh8 27. Qh5 Nc2
28. Bf5+ Kg8 29. Bh7+ Kh8 30. Rxe5 Bd7 31. Bg6+ Kg8 32. Bh7+ 1/2-1/2

[Event "Kronborg"]
[Site "Helsingor"]
[Date "1981.??.??"]
[Round "?"]
[White "Rasmussen, Karsten"]
[Black "Andersen, Johnny S"]
[Result "1-0"]
[WhiteElo "2200"]
[BlackElo "2215"]
[PlyCount "69"]
[EventDate "1981.??.??"]
[EventType "tourn"]
[EventRounds "7"]
[EventCountry "DEN"]
[Source "ChessBase"]
[SourceDate "1999.07.01"]

1. e4 e6 2. d4 d5 3. Nc3 Bb4 4. Nge2 dxe4 5. a3 Be7 6. Nxe4 Nc6 7. Bf4 Nf6 8.
Qd3 Nd5 9. O-O-O Nxf4 10. Nxf4 f5 11. Nc3 Bg5 12. Qe3 Qe7 13. Bb5 Bd7 14. h4
Bh6 15. g3 Nd8 16. Bc4 O-O 17. Rhe1 Kh8 18. d5 Re8 19. dxe6 Bxe6 20. Kb1 Bxf4
21. Qxf4 Qf7 22. Qe3 Qf8 23. Nb5 Bf7 24. Qb3 Rxe1 25. Rxe1 Bxc4 26. Qxc4 Nc6
27. Nxc7 Rc8 28. Ne6 Qg8 29. Re3 Ne5 30. Qf4 Nc4 31. Re2 Qf7 32. Qd4 Nb6 33.
Ng5 Qf8 34. h5 Rd8 35. Qxd8 1-0

[Event "Kronborg"]
[Site "Helsingor"]
[Date "1981.??.??"]
[Round "?"]
[White "Rasmussen, Karsten"]
[Black "Jensen, Vagn"]
[Result "1/2-1/2"]
[WhiteElo "2200"]
[BlackElo "2235"]
[PlyCount "81"]
[EventDate "1981.??.??"]
[EventType "tourn"]
[EventRounds "7"]
[EventCountry "DEN"]
[Source "ChessBase"]
[SourceDate "1999.07.01"]

1. e4 c6 2. d4 d5 3. exd5 cxd5 4. Bd3 g6 5. c3 Bg7 6. Bf4 Nh6 7. Nf3 Nc6 8.
Nbd2 O-O 9. O-O Kh8 10. Re1 f6 11. b4 a6 12. a4 e5 13. dxe5 fxe5 14. Bxe5 Nxe5
15. Nxe5 Qc7 16. Ndf3 Ng4 17. Qe2 Nxe5 18. Nxe5 Bf5 19. Bxf5 Rxf5 20. Nf3 Bxc3
21. Rac1 Qg7 22. Red1 Bxb4 23. Nd4 Re5 24. Qb2 a5 25. Qb3 Rae8 26. Nf3 Re2 27.
Qxd5 b6 28. Nd4 R2e5 29. Qc6 Bc5 30. Nb3 R5e6 31. Qb5 Bb4 32. h3 Qf6 33. Nd4
Re5 34. Qc6 Re1+ 35. Rxe1 Rxe1+ 36. Rxe1 Qxc6 37. Nxc6 Bxe1 38. Kf1 Bc3 39. Ke2
Kg7 40. Kd3 Be1 41. Ke2 1/2-1/2

[Event "Kronborg"]
[Site "Helsingor"]
[Date "1981.??.??"]
[Round "?"]
[White "Schmidt, Kristen"]
[Black "Rasmussen, Karsten"]
[Result "1/2-1/2"]
[WhiteElo "2200"]
[BlackElo "2200"]
[PlyCount "112"]
[EventDate "1981.??.??"]
[EventType "tourn"]
[EventRounds "7"]
[EventCountry "DEN"]
[Source "ChessBase"]
[SourceDate "1999.07.01"]

1. d4 Nf6 2. c4 c5 3. Nf3 e6 4. Nc3 cxd4 5. Nxd4 Bb4 6. Ndb5 a6 7. Nd6+ Ke7 8.
Nxc8+ Qxc8 9. Qd3 d5 10. cxd5 Nxd5 11. Bg5+ f6 12. Bd2 Nxc3 13. Bxc3 Bxc3+ 14.
bxc3 Nd7 15. e3 Qc6 16. Be2 Rac8 17. O-O Qxc3 18. Qe4 Rc7 19. Rad1 Qe5 20. Qg4
g5 21. Qh5 h6 22. Rc1 Nc5 23. Rfd1 f5 24. Rc2 Kf6 25. Rdc1 Kg7 26. h4 g4 27.
Bxg4 Rhc8 28. Bf3 b6 29. g4 Qf6 30. gxf5 exf5 31. Kh1 Ne6 32. Rxc7+ Rxc7 33.
Rxc7+ Nxc7 34. e4 Qg6 35. Qxf5 Qxf5 36. exf5 Kf6 37. Be4 b5 38. Kg2 b4 39. Bd3
a5 40. Bc2 Nb5 41. Bb3 Kxf5 42. Kg3 h5 43. f4 Nc3 44. Kf3 Nb5 45. Bc2+ Kf6 46.
Ke3 Nc3 47. Kd3 Nxa2 48. Kc4 Nc3 49. Kb3 Ne2 50. Ka4 Nxf4 51. Kxa5 Nd5 52. Bb3
Ke5 53. Bxd5 Kxd5 54. Kxb4 Ke4 55. Kc4 Kf4 56. Kd4 Kg4 1/2-1/2

[Event "Kronborg"]
[Site "Helsingor"]
[Date "1981.??.??"]
[Round "?"]
[White "Schmidt, Kristen"]
[Black "Norgaard, Jesper"]
[Result "0-1"]
[WhiteElo "2200"]
[BlackElo "2200"]
[PlyCount "58"]
[EventDate "1981.??.??"]
[EventType "tourn"]
[EventRounds "7"]
[EventCountry "DEN"]
[Source "ChessBase"]
[SourceDate "1999.07.01"]

1. e4 e5 2. Nf3 Nc6 3. Bb5 a6 4. Ba4 Nf6 5. O-O Be7 6. Re1 b5 7. Bb3 O-O 8. c3
d6 9. d4 Bg4 10. Be3 exd4 11. cxd4 d5 12. e5 Ne4 13. Nc3 Nxc3 14. bxc3 Na5 15.
Bc2 Bh5 16. a4 Nc4 17. axb5 axb5 18. Rxa8 Qxa8 19. Qb1 Qa5 20. Bg5 Bxg5 21.
Bxh7+ Kh8 22. Nxg5 Qxc3 23. e6 fxe6 24. Nxe6 Rf6 25. Rc1 Qd2 26. Rc2 Qd1+ 27.
Qxd1 Bxd1 28. Nxc7 Kxh7 29. Rc1 Ba4 0-1

[Event "Kronborg"]
[Site "Helsingor"]
[Date "1981.??.??"]
[Round "?"]
[White "Schmidt, Kristen"]
[Black "Jensen, Vagn"]
[Result "1-0"]
[WhiteElo "2200"]
[BlackElo "2235"]
[PlyCount "47"]
[EventDate "1981.??.??"]
[EventType "tourn"]
[EventRounds "7"]
[EventCountry "DEN"]
[Source "ChessBase"]
[SourceDate "1999.07.01"]

1. e4 e5 2. Nf3 Nc6 3. Bb5 f5 4. Nc3 Nd4 5. Nxe5 Qe7 6. Qh5+ g6 7. Nxg6 Qf7 8.
exf5 Nf6 9. Qh3 hxg6 10. Qxh8 gxf5 11. d3 Qg6 12. Bf4 Ne6 13. Be5 Ng4 14. d4 c6
15. Bd3 d6 16. Bxd6 Bd7 17. Bxf8 O-O-O 18. Qh4 Rxf8 19. O-O-O Nf6 20. Rhe1 b5
21. d5 Nxd5 22. Nxd5 cxd5 23. Qb4 Qh6+ 24. Kb1 1-0

[Event "Kronborg"]
[Site "Helsingor"]
[Date "1981.??.??"]
[Round "?"]
[White "Andersen, Johnny S"]
[Black "Eising, Esben"]
[Result "0-1"]
[WhiteElo "2215"]
[BlackElo "2375"]
[PlyCount "129"]
[EventDate "1981.??.??"]
[EventType "tourn"]
[EventRounds "7"]
[EventCountry "DEN"]
[Source "ChessBase"]
[SourceDate "1999.07.01"]

1. c4 b6 2. Nc3 e6 3. d4 Bb4 4. e4 Bxc3+ 5. bxc3 Ne7 6. d5 d6 7. Bd3 O-O 8. Ne2
Nd7 9. Ng3 Nc5 10. Be2 e5 11. Be3 f5 12. Bxc5 bxc5 13. exf5 Nxf5 14. O-O Qh4
15. Bd3 Bd7 16. Qh5 Qxh5 17. Nxh5 Rab8 18. Rab1 Rb6 19. Rb3 Rfb8 20. Rfb1 Kf7
21. Ng3 Nxg3 22. hxg3 Ba4 23. Rxb6 axb6 24. Kf1 Ra8 25. Rb2 Bd7 26. Bc2 Ra3 27.
Bb3 b5 28. Rc2 Bf5 29. Rd2 bxc4 30. Bxc4 Rxc3 31. Bb3 c4 32. Ba4 Bd3+ 33. Ke1
Ra3 34. Bd1 e4 35. Rb2 c3 36. Rb7 Kf6 37. Rxc7 Bb1 38. Bb3 Bxa2 39. Bxa2 Rxa2
40. Rxc3 Ke5 41. Rc7 Kd4 42. Rb7 g6 43. g4 h6 44. g3 Ra5 45. Rh7 Kd3 46. Kf1
Rxd5 47. Rxh6 Rg5 48. Rh8 d5 49. Rd8 d4 50. Rd6 Rxg4 51. Kg2 Rg5 52. f4 Ra5 53.
Rxg6 Ra2+ 54. Kf1 Ra1+ 55. Kg2 e3 56. Re6 e2 57. Kf2 e1=Q+ 58. Rxe1 Rxe1 59.
Kxe1 Kc2 60. Kf2 d3 61. Kf3 d2 62. Kg4 d1=Q+ 63. Kg5 Kd3 64. f5 Ke4 65. f6 0-1

[Event "Kronborg"]
[Site "Helsingor"]
[Date "1981.??.??"]
[Round "?"]
[White "Eising, Esben"]
[Black "Rasmussen, Karsten"]
[Result "1-0"]
[WhiteElo "2375"]
[BlackElo "2200"]
[PlyCount "81"]
[EventDate "1981.??.??"]
[EventType "tourn"]
[EventRounds "7"]
[EventCountry "DEN"]
[Source "ChessBase"]
[SourceDate "1999.07.01"]

1. c4 g6 2. Nc3 Bg7 3. g3 d6 4. Bg2 e5 5. Nf3 Nf6 6. d3 O-O 7. O-O Nc6 8. Rb1
a5 9. a3 Nd4 10. Ne1 c6 11. e3 Nf5 12. e4 Ne7 13. f4 Ng4 14. Qc2 f5 15. Nf3 Qc7
16. b4 axb4 17. axb4 fxe4 18. Nxe4 d5 19. cxd5 Nxd5 20. fxe5 Nxe5 21. Bd2 Nxf3+
22. Rxf3 Bg4 23. Rxf8+ Rxf8 24. Qc5 Be2 25. Re1 Bxd3 26. Nf2 Nb6 27. Nxd3 Rd8
28. Bf4 Qd7 29. Ne5 Qd4+ 30. Be3 Qxc5 31. Bxc5 Na4 32. Bf2 Nb2 33. Bf1 Bf8 34.
Rb1 Na4 35. Bc4+ Kg7 36. Nf3 h6 37. Bd4+ Kh7 38. Bb3 b5 39. Bxa4 bxa4 40. Ra1
Ra8 41. Bc5 1-0

[Event "Kronborg"]
[Site "Helsingor"]
[Date "1981.??.??"]
[Round "?"]
[White "Eising, Esben"]
[Black "Schmidt, Kristen"]
[Result "1/2-1/2"]
[WhiteElo "2375"]
[BlackElo "2200"]
[PlyCount "41"]
[EventDate "1981.??.??"]
[EventType "tourn"]
[EventRounds "7"]
[EventCountry "DEN"]
[Source "ChessBase"]
[SourceDate "1999.07.01"]

1. c4 c5 2. g3 Nf6 3. Bg2 g6 4. b3 Bg7 5. Bb2 O-O 6. Nf3 Nc6 7. O-O d6 8. Nc3
Bg4 9. h3 Bd7 10. e3 a6 11. Qe2 Rb8 12. d4 Qc8 13. Kh2 Na5 14. e4 cxd4 15. Nxd4
Qc5 16. Rfd1 Nc6 17. Nc2 b5 18. Ne3 bxc4 19. Na4 Qb5 20. Nc3 Qc5 21. Na4
1/2-1/2

[Event "Kronborg"]
[Site "Helsingor"]
[Date "1981.??.??"]
[Round "?"]
[White "Eising, Esben"]
[Black "Hirtsgaard, Niels"]
[Result "1-0"]
[WhiteElo "2375"]
[BlackElo "2200"]
[PlyCount "55"]
[EventDate "1981.??.??"]
[EventType "tourn"]
[EventRounds "7"]
[EventCountry "DEN"]
[Source "ChessBase"]
[SourceDate "1999.07.01"]

1. c4 Nf6 2. Nc3 e5 3. g3 Bb4 4. Bg2 O-O 5. d3 Re8 6. e4 c6 7. Nge2 d5 8. exd5
cxd5 9. O-O dxc4 10. dxc4 Nc6 11. Nd5 h6 12. Qa4 Bc5 13. Nec3 Nxd5 14. Nxd5 Nd4
15. Be3 a5 16. Kh1 Be6 17. Qd1 Qc8 18. f4 Bxd5 19. Bxd5 Nf5 20. Bxc5 Qxc5 21.
Qh5 Ne3 22. Bxf7+ Kh8 23. Bxe8 Nxf1 24. Rxf1 Qxc4 25. Rf2 Qe4+ 26. Kg1 exf4 27.
Bg6 fxg3 28. Bxe4 1-0